Making value chains work better for the poor A toolbook for practitioners of value Chain analysis
Part one Concepts:definition, Value Chain concepts, A Pro-Poor Entry Point into Value Chain Analysis. Part two Value - chain tools: prioritising value chains for analysis, mapping the value chain, costs and margins, analysing technology, knowledge and upgrading, analysing income in the value chain,...
Kaydedildi:
| Müşterek Yazar: | |
|---|---|
| Materyal Türü: | Kitap |
| Dil: | Undetermined |
| Baskı/Yayın Bilgisi: |
Hà Nội
Asian Development Bank
2007
|
| Konular: | |
| Etiketler: |
Etiketle
Etiket eklenmemiş, İlk siz ekleyin!
|
| Thư viện lưu trữ: | Trung tâm Học liệu Trường Đại học Cần Thơ |
|---|
| LEADER | 01087nam a2200217Ia 4500 | ||
|---|---|---|---|
| 001 | CTU_170851 | ||
| 008 | 210402s9999 xx 000 0 und d | ||
| 082 | |a 362.5 | ||
| 082 | |b A832 | ||
| 110 | |a Asian Development Bank | ||
| 245 | 0 | |a Making value chains work better for the poor | |
| 245 | 2 | |b A toolbook for practitioners of value Chain analysis | |
| 245 | 0 | |c Asian Development Bank | |
| 260 | |a Hà Nội | ||
| 260 | |b Asian Development Bank | ||
| 260 | |c 2007 | ||
| 520 | |a Part one Concepts:definition, Value Chain concepts, A Pro-Poor Entry Point into Value Chain Analysis. Part two Value - chain tools: prioritising value chains for analysis, mapping the value chain, costs and margins, analysing technology, knowledge and upgrading, analysing income in the value chain, analysing employment in the value chain, governance and services, linkages. | ||
| 650 | |a Poverty,Tình trạng nghèo nàn,Poor,Nghèo đói | ||
| 650 | |x Services for,Dịch vụ,Employment,Việc làm | ||
| 904 | |i tuyết nga | ||
| 980 | |a Trung tâm Học liệu Trường Đại học Cần Thơ | ||